Contenido orgánico y procedimiento ordinario de la ley 19.968

Saved in:
Bibliografiske detaljer
Hovedforfatter: Garrido Chacana, Carlos
Format: Bog
Sprog:spansk
Udgivet: Santiago Metropolitana 2009
Serier:Derecho de Familia
Fag:
Tags: Tilføj Tag
Ingen Tags, Vær først til at tagge denne postø!

MARC

LEADER 00000nam a2200000 a 4500
001 UCH5632
003 CL-VaPUC
008 091015e20090000CL |||||||||||||||||spa|d
020 |a 9789562860994 
082 0 4 |a 346.83015  |b GAR  |2 21 
100 |a Garrido Chacana, Carlos  |9 737472 
245 1 0 |a Contenido orgánico y procedimiento ordinario de la ley 19.968 
300 |a 259 p 
942 |c BK 
945 |d 20091015 00:00:00  |a rbrito 
260 |a Santiago  |b Metropolitana  |c 2009 
650 0 |a Derecho de familia  |9 255603 
650 0 |a Derecho procesal penal  |9 255496 
650 7 |a JUZGADOS DE FAMILIA  |2 CL-VaPUC  |9 541926 
650 7 |a TRIBUNALES DE FAMILIA  |2 CL-VaPUC  |9 541927 
650 7 |a CODIGO DE PROCEDIMIENTO  |2 CL-VaPUC  |9 352916 
583 |a last modification  |c 20091015 00:00:00  |k Rodrigo Vera 
490 0 |a Derecho de Familia 
999 |c 336737  |d 336735 
952 |0 0  |1 0  |4 0  |6 346_830150000000000_GAR_2009  |7 0  |8 A  |9 428651  |a BIBDER  |b BIBDER  |d 2019-11-22  |i 4609220  |o 346.83015 GAR 2009  |p 4609220  |r 2023-01-25  |w 2019-11-22  |y BK  |k DER